Género, persecución y el concepto de política en el proceso de concesión del asilo /
محفوظ في:
| المؤلف الرئيسي: | |
|---|---|
| التنسيق: | نص |
| الوسوم: |
إضافة وسم
لا توجد وسوم, كن أول من يضع وسما على هذه التسجيلة!
|
MARC
| LEADER | 00000 a a2200000 04500 | ||
|---|---|---|---|
| 001 | 9731 | ||
| 003 | |||
| 040 | |||
| 100 | |a Crawley, Heaven | ||
| 245 | |a Género, persecución y el concepto de política en el proceso de concesión del asilo / |c Heaven Crawley | ||
| 773 | |g número 9; páginas 15-18 | ||
| 999 | |c 27254 |d 27254 | ||
